Rebel with a cause / (Record no. 8305)
[ view plain ]
| 000 -LEADER | |
|---|---|
| fixed length control field | 02085cam a2200361 a 4500 |
| 001 - CONTROL NUMBER | |
| control field | 33047569 |
| 003 - CONTROL NUMBER IDENTIFIER | |
| control field | OCoLC |
| 005 - DATE AND TIME OF LATEST TRANSACTION | |
| control field | 20191012122853.0 |
| 008 - FIXED-LENGTH DATA ELEMENTS--GENERAL INFORMATION | |
| fixed length control field | 950811s1995 tnua b 000 0aeng |
| 010 ## - LIBRARY OF CONGRESS CONTROL NUMBER | |
| LC control number | 95020501 |
| 020 ## - INTERNATIONAL STANDARD BOOK NUMBER | |
| International Standard Book Number | 9780785271703 |
| 020 ## - INTERNATIONAL STANDARD BOOK NUMBER | |
| International Standard Book Number | 9780785279150 (hc) |
| 020 ## - INTERNATIONAL STANDARD BOOK NUMBER | |
| International Standard Book Number | 0913367966 (pbk.) |
| 020 ## - INTERNATIONAL STANDARD BOOK NUMBER | |
| International Standard Book Number | 0785279156 (hc) |
| 020 ## - INTERNATIONAL STANDARD BOOK NUMBER | |
| International Standard Book Number | 0785271708 |
| 020 ## - INTERNATIONAL STANDARD BOOK NUMBER | |
| International Standard Book Number | 9780913367964 (pbk.) |
| 035 ## - SYSTEM CONTROL NUMBER | |
| System control number | (OCoLC)33047569 |
| Canceled/invalid control number | (OCoLC)40794722 |
| -- | (OCoLC)192055943 |
| 040 ## - CATALOGING SOURCE | |
| Original cataloging agency | DLC |
| Transcribing agency | DLC |
| Modifying agency | SBI |
| -- | OCL |
| -- | BAKER |
| -- | BTCTA |
| -- | YDXCP |
| -- | OCLCG |
| -- | YVO |
| -- | NTA |
| 050 00 - LIBRARY OF CONGRESS CALL NUMBER | |
| Classification number | HV530.G73 |
| Item number | A3 1995 |
| 082 14 - DEWEY DECIMAL CLASSIFICATION NUMBER | |
| Classification number | 361.7 |
| -- | B |
| Edition number | 20 |
| Item number | G738R |
| 090 ## - LOCALLY ASSIGNED LC-TYPE CALL NUMBER (OCLC); LOCAL CALL NUMBER (RLIN) | |
| Classification number (OCLC) (R) ; Classification number, CALL (RLIN) (NR) | 361.7509 G7389R 1995 |
| 100 1# - MAIN ENTRY--PERSONAL NAME | |
| Personal name | Graham, Franklin, |
| Dates associated with a name | 1952- |
| 245 10 - TITLE STATEMENT | |
| Title | Rebel with a cause / |
| Statement of responsibility, etc. | Franklin Graham. |
| 260 ## - PUBLICATION, DISTRIBUTION, ETC. | |
| Place of publication, distribution, etc. | Nashville, Tenn. : |
| Name of publisher, distributor, etc. | Thomas Nelson, Inc. |
| Date of publication, distribution, etc. | c1995. |
| 300 ## - PHYSICAL DESCRIPTION | |
| Extent | xiv, 314 p. : |
| Other physical details | ill. ; |
| Dimensions | 24 cm. |
| 504 ## - BIBLIOGRAPHY, ETC. NOTE | |
| Bibliography, etc. note | Includes bibliographical references (p. [315]). |
| 505 2# - FORMATTED CONTENTS NOTE | |
| Formatted contents note | Big footprints to fill -- Guns, dogs, and rock 'n' roll -- The rebel goes north -- Fights, rednecks, and cops -- Alaska, Motorcycle Mama, and wings -- Whiskey, women, and four-wheeling -- Mohammed and the desert prayers -- Kicked out, boots and all -- God's hit man -- Cigarettes, the altar, and the snake -- God's room -- A grandfather's prayer -- Guts for Jesus -- Hard lessons -- Dodging bullets -- Cracked curtains of iron and bamboo -- No more Hitler -- Operations Desert Save -- God doesn't love the Kurds! -- Benchmarks -- Dennis : a friend through thick and thin -- A little house of peace in a sea of shame -- No devils left in Hell -- Finally comfortable being Graham. |
| 520 ## - SUMMARY, ETC. | |
| Summary, etc. | Autobiography of Franklin Graham tells of growing up as the son of the best-known evangelist in the world, running away from what others expected of him, and details his involvement in relief work and evangelism during Desert Storm and in war-torn Rwanda, Croatia, and Nicaragua. |
| 600 10 - SUBJECT ADDED ENTRY--PERSONAL NAME | |
| Personal name | Graham, Franklin, |
| Dates associated with a name | 1952- |
| 610 20 - SUBJECT ADDED ENTRY--CORPORATE NAME | |
| Corporate name or jurisdiction name as entry element | Samaritan's Purse (Organization) |
| General subdivision | Employees |
| Form subdivision | Biography. |
| 650 #0 - SUBJECT ADDED ENTRY--TOPICAL TERM | |
| Topical term or geographic name entry element | Church charities |
| Form subdivision | Biography. |
| 942 ## - ADDED ENTRY ELEMENTS (KOHA) | |
| Source of classification or shelving scheme | Dewey Decimal Classification |
| Koha item type | Books |
No items available.
